000 00627nam a2200205 i 4500
001 146450
003 ES-MaACL
005 20250629063130.0
007 t|
008 070910s1944 sp ||||1| spa d
100 1 _aTovar, Antonio,
_d1911-1985
_9111167
245 1 0 _aLingüística y filología clásica
_b: su situación actual /
_cAntonio Tovar.
260 _aMadrid :
_bRevista de Occidente,
_c1944.
300 _a159 p. ;
_c18 cm.
490 1 _aHesterna hodierna
650 4 _aFilologia latina.
_9136113
830 1 _aHesterna hodierna
_9220842
852 _aES-MaACL
_jC-5186
999 _c146450
_d146450